000 00575cam a2200229 4500
001 J702
008 090401t1992 xxu||||| |||| 00| 0 eng d
035 _a(Sirsi) u76360
041 _aeng
050 _a622.3103
100 _aSheppard, R.P.
245 2 _aA dictionary of quarrying terms.
260 _aNottingham
_bInstitute of Quarrying
_c1992
300 _a192p. : ill. ; 22cm.
350 _a23
650 _aDICTIONARIES
650 _aQUARRYING
690 _aMINING AND MINERALS
710 _aInstitute of Quarrying
_92766
942 _n0
948 _c04/03/1997
999 _c96161
_d96161